Narrativas emergentes comunicacin̤ para el cambio social en comunidades palaft̕icas del caribe colombiano /

Bibliographic Details
Main Author: Canal Caicedo, Mara̕
Other Authors: Camargo, Jos ̌Antonio, Navarro Da̕z, Luis Ricardo
Format: eBook
Language:Spanish
Published: Bogot:̀ Universidad Sergio Arboleda, 2015
Subjects:
Online Access:Acceso restringido

MARC

LEADER 00000nam a22000007a 4500
005 20171221173812.0
007 cr|||| ||||
008 171221s2015 ck |||||s|||| 00||0 spa d
020 |a 978-958-8866-59-8 
035 |a 20950 
040 |a vLex 
090 |c 7338  |d 7338 
100 1 |a Canal Caicedo, Mara̕ 
245 1 0 |a  Narrativas emergentes  |h [Recurso electrn̤ico]:  |b comunicacin̤ para el cambio social en comunidades palaft̕icas del caribe colombiano /  |c Mara̕ Canal Caicedo; Jos ̌Antonio Camargo; Navarro Da̕z, Luis Ricardo 
256 |a Servicio en ln̕ea 
260 |a Bogot:̀  |b Universidad Sergio Arboleda,  |c 2015 
300 |a 1 recurso electrn̤ico 
506 1 |a Disponible solo en los productos indicados  |d vLex Global  |d vLex Global (Academic Edition, excluding Law Schools)  |d vLex Global (U.S. Academic Edition, Law Schools)  |d vLex Global (U.S. Academic Edition, excluding Law Schools)  |d vLex Global (Academic Edition, Law Schools) 
650 0 4 |a Ciencias sociales  |z Colombia 
700 1 |a Camargo, Jos ̌Antonio 
700 1 |a Navarro Da̕z, Luis Ricardo 
740 0 |a vLex Libros (Servicio en ln̕ea) 
856 4 0 |u http://vlex.com/source/narrativas-emergentes-20950  |z Acceso restringido 
942 |c BOOK 
999 0 |a Social science